Keď vek nehrá rolu

Definícia úrazu vymedzená v poistných podmienkach. Úrazové poistenie. Úrazové poistenie ako súčasť životného poistenia. Nastavenie poistných súm. Výška poistného plnenia. Čo vplýva na cenu.

Salvato in:
Dettagli Bibliografici
Autore principale: Škriniar, Pavel, 1979-
Natura: Capitolo di libro
Lingua:slovacco
Soggetti:
Tags: Aggiungi Tag
Nessun Tag, puoi essere il primo ad aggiungerne!!

MARC

LEADER 00000naa a2200000 4500
001 0177657
005 20240502073025.7
041 0 |a slo 
044 |a SK 
245 1 0 |a Keď vek nehrá rolu  |c Pavel Škriniar 
520 |a Definícia úrazu vymedzená v poistných podmienkach. Úrazové poistenie. Úrazové poistenie ako súčasť životného poistenia. Nastavenie poistných súm. Výška poistného plnenia. Čo vplýva na cenu. 
610 2 0 |a poistenie úrazové 
610 2 0 |a poistenie životné 
610 2 0 |a zmluvy poistné 
610 2 0 |a invalidita 
610 2 0 |a poisťovne 
100 1 |a Škriniar, Pavel, 1979-